|
|
|
|
| LEADER |
01139cam a2200277 7i4500 |
| 001 |
0000034828 |
| 005 |
20180104090000.0 |
| 007 |
##ta |
| 008 |
180104s2016 njua b 001 0 eng |
| 020 |
# |
# |
|a 9780691147727
|
| 040 |
# |
# |
|a MATR
|
| 090 |
0 |
0 |
|a USA 339.420973
|b GOR
|
| 100 |
1 |
# |
|a Gordon, Robert J.
|e author
|
| 245 |
1 |
0 |
|a THE RISE AND FALL OF AMERICAN GROWTH :
|b THE U.S. STANDARD OF LIVING SINCE THE CIVIL WAR
|c Robert J. Gordon.
|
| 264 |
# |
1 |
|a Princeton:
|b Princeton University Press,
|c 2016.
|
| 300 |
# |
# |
|a xii, 762 pages:
|b illustrations;
|c 25 cm.
|
| 336 |
# |
# |
|a text
|2 rdacontent
|
| 337 |
# |
# |
|a unmediated
|2 rdamedia
|
| 338 |
# |
# |
|a volume
|2 rdacarrier
|
| 490 |
0 |
# |
|a The Princeton economic history of the Western world
|
| 504 |
# |
# |
|a Includes bibliographical references (pages 667-743) and index
|
| 650 |
# |
0 |
|a Cost and standard of living --
|x History --
|z United States
|
| 651 |
# |
0 |
|a United States --
|x Economic conditions --
|y 1865-1918
|
| 651 |
# |
0 |
|a United States --
|x Economic conditions --
|y 1918-1945
|
| 651 |
# |
0 |
|a United States --
|x Economic conditions --
|y 1945-
|
| 999 |
|
|
|a 0000040055
|b Book
|c Countries
|e Business Information Centre
|